1111 1135 1386 1231 1203 1434 1025 1876 1298 1573 1715 1754 1751 1615 1101 1766 1243 1729 1917 1737 1371 1430 1374 1829 1045 1021 1287 1504 1247 1524 1621 1562 1191 1494 1249 1228 1402 1017 1965 1450 1248 1770 1246 1574 1393 1843 1387 1878 1694 1687 1603 1564 1573 1782 1428 1547 1703 1212 1590 1443 1884 1997 1689 1850 1246 1325 1451 1855 1471 1562 1868 1577 1425 1520 1576 1998 1248 1731 1869 1319 1116 1965 1535 1592 1455 1906 1262 1894 1272 1702 1377 1307 1694 1562 1618 1678 1526 1302 1460 BCNSPRNW ULIB Ver.6.0+V

เปลี่ยนเป็นภาษาไทย

Change to English
 แสดงรายละเอียดบรรณานุกรม
  กลับหน้าหลัก

Brief Record : Get Marc (ISO 2709) : E-mail record : QR code < ปิดหน้าต่าง
LEADER : 00000nam 2200000uu 4500
001    13399120017
003     ULIB
008    120822s2555||||th 000 0 tha d
020    ^a9789741116263
060 04 ^aWG300^bป266P
100 0  ^aประดิษฐ์ ปัญจวีณิน
245 00 ^aPractical cardiology /^cบรรณาธิการ, ประดิษฐ์ ปัญจวีณิน,รุ่งโรจน์ กฤตยพงษ์, เรวัตร พันธุ์กิ่งทองคำ
250    ^aพิมพ์ครั้งที่ 1
260    ^aกรุงเทพฯ :^bสาขาวิชาหทัยวิทยา ภาควิชาอายุรศาสตร์และศูนย์โรคหัวใจสมเด็จพระบรมราชินีนาถคณะแพทยศาสตร์ศิริราชพยาบาล มหาวิทยาลัยมหิดล,^c2555
300    ^a290 หน้า :^bภาพประกอบ ;^c22 ซม.
650  7 ^aหัวใจ^xโรค
650  7 ^aหัวใจวาย
700 0  ^aรุ่งโรจน์ กฤตยพงษ์,^eบรรณาธิการ
700 0  ^aเรวัตร พันธุ์กิ่งทองคำ,^eบรรณาธิการ
710 2  ^aมหาวิทยาลัยมหิดล. ^bคณะแพทยศาสตร์ศิริราชพยาบาล.^bภาควิชาอายุรศาสตร์. ^bสาขาหทัยวิทยา
710 2  ^aมหาวิทยาลัยมหิดล. ^bคณะแพทยศาสตร์ศิริราชพยาบาล.^bศูนย์โรคหัวใจสมเด็จพระบรมราชินีนาถ
945    ^p235^l0^i032481
945    ^p235^l0^i032482
945    ^p235^l0^i032483
945    ^p235^l0^i032490
995    ^aเกษร
999 ^a ใช้งานได้ทุกระบบ
รายการนี้ยังไม่มีแท็ก
คุณยังไม่ได้ล็อกอิน คุณสามารถมีกิจกรรมร่วมกับเว็บไซต์ได้ แต่ต้องล็อกอินก่อน ::
  ล็อกอิน

รายการสื่อสารสนเทศ

ลำดับที่ ประเภท เลขเรียก/บาร์โค้ด สถานที่ สถานะ
1. วิทยาศาสตร์การแพทย์ และสุขภาพ
หนังสือสำรอง
สถานะ=หนังสือสำรอง
WG300 ป266P ฉ.1 
  Barcode: 032481
ห้องสมุดวิทยาเขตสวรรค์ประชารักษ์
►ส่วนจัดเก็บหนังสือเก่า สปร
บนชั้น
  ขอยืม
2. วิทยาศาสตร์การแพทย์ และสุขภาพ
วิทยาศาสตร์การแพทย์ และสุขภาพ
WG300 ป266P ฉ.2 
  Barcode: 032482
ห้องสมุดวิทยาเขตสวรรค์ประชารักษ์
►ส่วนจัดเก็บหนังสือเก่า สปร
บนชั้น
  ขอยืม
3. วิทยาศาสตร์การแพทย์ และสุขภาพ
วิทยาศาสตร์การแพทย์ และสุขภาพ
WG300 ป266P ฉ.4 
  Barcode: 032490
ห้องสมุดวิทยาเขตสวรรค์ประชารักษ์
►ส่วนจัดเก็บหนังสือเก่า สปร
บนชั้น
  ขอยืม

รายการใกล้เคียง
    ผู้แต่ง [ประดิษฐ์ ปัญจวีณิน]

    หัวเรื่อง [หัวใจ โรค]
    หัวเรื่อง [หัวใจวาย]

BibComment


ยังไม่เคยถูกคอมเมนท์

คอมเมนท์ทรัพยากรรายการนี้
  คอมเมนท์: Practical cardio..


 Copyright 2026. Bcnsprnw @Library